[Event "IMP Kobiet do lat 20"]
[Site "Chotowa"]
[Date "2023.10.31"]
[Round "7.10"]
[White "Labedz, Gabriela"]
[Black "Bukala, Weronika"]
[Result "0-1"]
[BlackElo "1917"]
[WhiteElo "1547"]
[LiveChessVersion "1.4.8"]

1. e4 {[%clk 1:30:58]} e6 {[%clk 1:27:41]} 2. d4 {[%clk 1:31:21]} d5
{[%clk 1:27:35]} 3. Nd2 {[%clk 1:28:01]} Nf6 {[%clk 1:27:50]} 4. e5
{[%clk 1:27:41]} Nfd7 {[%clk 1:28:14]} 5. Bd3 {[%clk 1:24:14]} c5
{[%clk 1:28:24]} 6. c3 {[%clk 1:23:01]} Nc6 {[%clk 1:28:01]} 7. Ngf3
{[%clk 1:21:43]} cxd4 {[%clk 1:27:14]} 8. cxd4 {[%clk 1:21:22]} f6
{[%clk 1:26:58]} 9. Qe2 {[%clk 1:14:04]} fxe5 {[%clk 1:11:44]} 10. Nxe5
{[%clk 1:10:29]} Ndxe5 {[%clk 1:07:25]} 11. dxe5 {[%clk 1:10:46]} Qg5
{[%clk 1:05:02]} 12. Nf3 {[%clk 0:48:56]} Bb4+ {[%clk 1:04:26]} 13. Kf1
{[%clk 0:48:05]} Qh5 {[%clk 1:04:26]} 14. g3 {[%clk 0:42:24]} Be7
{[%clk 0:45:49]} 15. Kg2 {[%clk 0:39:19]} O-O {[%clk 0:46:06]} 16. a3
{[%clk 0:33:28]} b6 {[%clk 0:40:39]} 17. Re1 {[%clk 0:31:07]} Bb7
{[%clk 0:40:15]} 18. Ng5 {[%clk 0:28:16]} Qxe2 {[%clk 0:38:12]} 19. Rxe2
{[%clk 0:28:34]} Bxg5 {[%clk 0:33:49]} 20. Bxg5 {[%clk 0:28:40]} Nd4
{[%clk 0:34:00]} 21. Re3 {[%clk 0:27:09]} Rf7 {[%clk 0:23:43]} 22. f4
{[%clk 0:25:18]} h6 {[%clk 0:22:25]} 23. Bh4 {[%clk 0:25:21]} Nf5
{[%clk 0:22:13]} 24. Bxf5 {[%clk 0:22:11]} Rxf5 {[%clk 0:22:20]} 25. Kh3
{[%clk 0:20:43]} Rc8 {[%clk 0:18:58]} 26. Re2 {[%clk 0:19:43]} g5
{[%clk 0:17:58]} 27. fxg5 {[%clk 0:19:49]} hxg5 {[%clk 0:18:22]} 28. g4
{[%clk 0:19:41]} Rf3+ {[%clk 0:18:39]} 29. Bg3 {[%clk 0:18:55]} d4
{[%clk 0:17:15]} 30. Rf2 {[%clk 0:17:06]} Rcf8 {[%clk 0:13:52]} 31. Raf1
{[%clk 0:15:55]} Ba6 {[%clk 0:13:04]} 32. Rd1 {[%clk 0:12:22]} Rxf2
{[%clk 0:13:25]} 33. Bxf2 {[%clk 0:12:47]} Rxf2 {[%clk 0:13:50]} 34. Rxd4
{[%clk 0:12:59]} Bb7 {[%clk 0:11:13]} 35. Rd8+ {[%clk 0:12:37]} Kg7
{[%clk 0:10:44]} 36. Rd7+ {[%clk 0:11:18]} Rf7 {[%clk 0:11:07]} 37. Rd6
{[%clk 0:11:28]} Rf3+ {[%clk 0:11:04]} 38. Kg2 {[%clk 0:11:54]} Rd3+
{[%clk 0:10:52]} 39. Kf2 {[%clk 0:12:06]} Rxd6 {[%clk 0:11:17]} 40. exd6
{[%clk 0:42:32]} Bc6 {[%clk 0:41:13]} 0-1

[Event "IMP Kobiet do lat 20"]
[Site "Chotowa"]
[Date "2023.10.31"]
[Round "7.11"]
[White "Szopa, Emilia"]
[Black "Slusarczyk, Anna"]
[Result "1-0"]
[BlackElo "1730"]
[WhiteElo "1706"]
[LiveChessVersion "1.4.8"]

1. e4 {[%clk 1:27:14]} c5 {[%clk 1:30:47]} 2. Nf3 {[%clk 1:27:26]} e6
{[%clk 1:31:09]} 3. d4 {[%clk 1:27:40]} cxd4 {[%clk 1:31:32]} 4. Nxd4
{[%clk 1:28:01]} a6 {[%clk 1:31:58]} 5. Bd3 {[%clk 1:27:45]} Bc5 {[%clk 1:32:21]}
6. Nb3 {[%clk 1:27:38]} Ba7 {[%clk 1:32:44]} 7. Qe2 {[%clk 1:26:38]} Nc6
{[%clk 1:32:35]} 8. Be3 {[%clk 1:25:32]} d6 {[%clk 1:32:38]} 9. Nc3
{[%clk 1:16:31]} Nf6 {[%clk 1:32:28]} 10. f4 {[%clk 1:09:50]} b5 {[%clk 1:26:08]}
11. Bxa7 {[%clk 1:06:24]} Rxa7 {[%clk 1:25:20]} 12. O-O-O {[%clk 1:05:38]} e5
{[%clk 1:21:50]} 13. f5 {[%clk 1:03:11]} Rd7 {[%clk 1:06:38]} 14. g4
{[%clk 0:57:44]} g6 {[%clk 0:55:27]} 15. g5 {[%clk 0:49:23]} Nh5 {[%clk 0:54:57]}
16. Qe3 {[%clk 0:47:46]} Nf4 {[%clk 0:54:01]} 17. h4 {[%clk 0:47:15]} h5
{[%clk 0:52:06]} 18. Rhf1 {[%clk 0:42:15]} Bb7 {[%clk 0:47:52]} 19. Nd5
{[%clk 0:32:56]} Nxd5 {[%clk 0:47:00]} 20. exd5 {[%clk 0:32:54]} Ne7
{[%clk 0:46:55]} 21. fxg6 {[%clk 0:32:36]} Nxg6 {[%clk 0:45:55]} 22. Bxg6
{[%clk 0:31:22]} fxg6 {[%clk 0:46:18]} 23. Nc5 {[%clk 0:28:40]} Qb6
{[%clk 0:44:51]} 24. Qe4 {[%clk 0:28:32]} Rg7 {[%clk 0:39:56]} 25. Nxb7
{[%clk 0:25:26]} Qxb7 {[%clk 0:39:31]} 26. Rf6 {[%clk 0:25:48]} Qd7
{[%clk 0:39:10]} 27. Rxg6 {[%clk 0:25:56]} Rf8 {[%clk 0:37:21]} 28. Re6+
{[%clk 0:24:35]} Kd8 {[%clk 0:36:36]} 29. Qb4 {[%clk 0:24:22]} Kc7
{[%clk 0:35:56]} 30. Qc3+ {[%clk 0:20:50]} Kb7 {[%clk 0:34:50]} 31. Qa3
{[%clk 0:21:07]} Rd8 {[%clk 0:34:31]} 32. Rf1 {[%clk 0:20:48]} Rf7
{[%clk 0:31:58]} 33. Rff6 {[%clk 0:19:58]} Rxf6 {[%clk 0:30:57]} 34. gxf6
{[%clk 0:20:20]} Qc7 {[%clk 0:30:43]} 35. Re7 {[%clk 0:13:14]} Rd7
{[%clk 0:31:09]} 36. f7 {[%clk 0:13:12]} 1-0

[Event "IMP Kobiet do lat 20"]
[Site "Chotowa"]
[Date "2023.10.31"]
[Round "7.12"]
[White "Woytitzki, Sophie"]
[Black "Michalska, Lena"]
[Result "0-1"]
[BlackElo "1636"]
[WhiteElo "1259"]
[LiveChessVersion "1.4.8"]

1. d4 {[%clk 1:30:57]} g6 {[%clk 1:30:23]} 2. c4 {[%clk 1:31:19]} Bg7
{[%clk 1:30:49]} 3. Nc3 {[%clk 1:31:40]} d6 {[%clk 1:31:00]} 4. Nf3
{[%clk 1:31:27]} Nd7 {[%clk 1:30:43]} 5. Bf4 {[%clk 1:31:45]} c5 {[%clk 1:30:44]}
6. e3 {[%clk 1:31:45]} b6 {[%clk 1:28:09]} 7. Qa4 {[%clk 1:25:36]} Bb7
{[%clk 1:25:30]} 8. Be2 {[%clk 1:25:06]} Ngf6 {[%clk 1:25:36]} 9. O-O
{[%clk 1:24:27]} O-O {[%clk 1:26:04]} 10. Rad1 {[%clk 1:23:51]} Nh5
{[%clk 1:17:22]} 11. Bg5 {[%clk 1:22:25]} h6 {[%clk 1:17:46]} 12. Bh4
{[%clk 1:22:48]} g5 {[%clk 1:18:11]} 13. Bg3 {[%clk 1:23:14]} Nxg3
{[%clk 1:18:34]} 14. fxg3 {[%clk 1:23:31]} Qc8 {[%clk 1:13:19]} 15. Qc2
{[%clk 1:23:42]} a6 {[%clk 0:56:48]} 16. Bd3 {[%clk 1:23:16]} Bxf3
{[%clk 0:36:50]} 17. Rxf3 {[%clk 1:23:33]} cxd4 {[%clk 0:37:14]} 18. Nd5
{[%clk 1:22:02]} Qd8 {[%clk 0:32:41]} 19. Bh7+ {[%clk 1:22:04]} Kh8
{[%clk 0:33:10]} 20. exd4 {[%clk 1:22:23]} e6 {[%clk 0:32:59]} 21. Ne3
{[%clk 1:21:34]} f5 {[%clk 0:31:58]} 22. Bg6 {[%clk 1:20:29]} g4 {[%clk 0:22:34]}
23. Nxg4 {[%clk 1:17:44]} fxg4 {[%clk 0:22:54]} 24. Re3 {[%clk 1:17:04]} e5
{[%clk 0:20:01]} 25. d5 {[%clk 1:14:17]} Qg5 {[%clk 0:19:09]} 26. Ree1
{[%clk 1:14:13]} Rac8 {[%clk 0:17:40]} 27. b3 {[%clk 1:13:52]} Nc5
{[%clk 0:17:30]} 28. a3 {[%clk 1:11:33]} Nxb3 {[%clk 0:16:24]} 29. Qxb3
{[%clk 1:11:32]} Qxg6 {[%clk 0:16:53]} 30. Qxb6 {[%clk 1:11:32]} Rxc4
{[%clk 0:14:30]} 31. Qxa6 {[%clk 1:11:43]} Rcc8 {[%clk 0:13:43]} 32. a4
{[%clk 1:11:40]} Ra8 {[%clk 0:14:00]} 33. Qc4 {[%clk 1:11:59]} Ra5
{[%clk 0:12:38]} 34. Ra1 {[%clk 1:11:52]} Rfa8 {[%clk 0:13:03]} 35. Qb3
{[%clk 1:11:17]} h5 {[%clk 0:12:49]} 36. Ra2 {[%clk 1:03:30]} Kh7
{[%clk 0:09:53]} 37. Ree2 {[%clk 1:01:05]} Qf7 {[%clk 0:09:27]} 38. Re1
{[%clk 0:58:25]} Qxd5 {[%clk 0:08:44]} 39. Qxd5 {[%clk 0:58:38]} Rxd5
{[%clk 0:09:12]} 40. Rf1 {[%clk 1:27:52]} Raa5 {[%clk 0:39:03]} 41. Re1
{[%clk 1:27:51]} Rd4 {[%clk 0:39:27]} 42. Rea1 {[%clk 1:28:10]} d5
{[%clk 0:39:44]} 43. Ra3 {[%clk 1:28:33]} Rb4 {[%clk 0:40:00]} 44. h3
{[%clk 1:28:21]} e4 {[%clk 0:39:07]} 45. R1a2 {[%clk 1:28:38]} d4
{[%clk 0:39:24]} 46. h4 {[%clk 1:28:29]} d3 {[%clk 0:39:43]} 47. Kf2
{[%clk 1:28:18]} Bd4+ {[%clk 0:39:54]} 48. Ke1 {[%clk 1:28:37]} Be3
{[%clk 0:40:14]} 49. Ra1 {[%clk 1:28:51]} Rb2 {[%clk 0:40:25]} 50. R3a2
{[%clk 1:28:45]} Bf2+ {[%clk 0:40:04]} 51. Kf1 {[%clk 1:28:29]} Rxa2
{[%clk 0:40:27]} 52. Rxa2 {[%clk 1:28:55]} Bxg3 {[%clk 0:40:37]} 53. Ra3
{[%clk 1:28:48]} Rf5+ {[%clk 0:40:45]} 54. Kg1 {[%clk 1:29:11]} d2
{[%clk 0:40:52]} 55. Ra1 {[%clk 1:29:37]} e3 {[%clk 0:41:10]} 56. a5
{[%clk 1:30:03]} e2 {[%clk 0:41:34]} 57. a6 {[%clk 1:30:19]} e1=Q+
{[%clk 0:41:57]} 58. Rxe1 {[%clk 1:30:41]} dxe1=Q# {[%clk 0:42:18]} 0-1

[Event "IMP Kobiet do lat 20"]
[Site "Chotowa"]
[Date "2023.10.31"]
[Round "8.1"]
[White "Siekanska, Maria"]
[Black "Barwinska, Ewa"]
[Result "0-1"]
[BlackElo "1974"]
[WhiteElo "2065"]
[LiveChessVersion "1.4.8"]

1. d4 {[%clk 1:30:59]} d5 {[%clk 1:30:45]} 2. c4 {[%clk 1:31:24]} c6
{[%clk 1:31:09]} 3. cxd5 {[%clk 1:31:47]} cxd5 {[%clk 1:31:32]} 4. Nc3
{[%clk 1:32:02]} Nf6 {[%clk 1:30:12]} 5. Bf4 {[%clk 1:32:16]} Nc6
{[%clk 1:30:28]} 6. Nf3 {[%clk 1:32:38]} Bf5 {[%clk 1:29:29]} 7. e3
{[%clk 1:32:51]} a6 {[%clk 1:29:19]} 8. Rc1 {[%clk 1:32:13]} e6 {[%clk 1:29:30]}
9. Qb3 {[%clk 1:31:46]} Bd6 {[%clk 1:28:13]} 10. Qxb7 {[%clk 1:26:00]} Na5
{[%clk 1:28:14]} 11. Qxa8 {[%clk 1:26:21]} Qxa8 {[%clk 1:28:37]} 12. Bxd6
{[%clk 1:26:47]} Kd7 {[%clk 1:25:23]} 13. Bb4 {[%clk 1:25:00]} Nc6
{[%clk 1:23:01]} 14. Na4 {[%clk 1:25:15]} Rb8 {[%clk 1:11:59]} 15. Nc5+
{[%clk 1:21:27]} Kd8 {[%clk 1:09:52]} 16. Ba3 {[%clk 1:21:05]} Nb4
{[%clk 1:05:30]} 17. Ne5 {[%clk 1:11:24]} Nc2+ {[%clk 0:52:49]} 18. Rxc2
{[%clk 1:11:46]} Bxc2 {[%clk 0:53:12]} 19. Nxf7+ {[%clk 1:11:59]} Ke8
{[%clk 0:41:20]} 20. Nd6+ {[%clk 1:12:06]} Kf8 {[%clk 0:41:30]} 21. Nxa6
{[%clk 1:11:33]} Kg8 {[%clk 0:41:16]} 22. Nxb8 {[%clk 1:08:54]} Qa5+
{[%clk 0:36:46]} 23. Ke2 {[%clk 1:08:58]} Ne4 {[%clk 0:32:22]} 24. Kf3
{[%clk 1:01:11]} Bd1+ {[%clk 0:28:17]} 25. Kf4 {[%clk 0:59:21]} Nxd6
{[%clk 0:21:38]} 26. Bd3 {[%clk 0:53:02]} Qd2 {[%clk 0:18:01]} 27. Rxd1
{[%clk 0:46:04]} Qxd1 {[%clk 0:14:20]} 28. Bxh7+ {[%clk 0:46:18]} Kxh7
{[%clk 0:14:46]} 29. Bxd6 {[%clk 0:46:43]} Qh5 {[%clk 0:13:36]} 30. h3
{[%clk 0:44:13]} Qh4+ {[%clk 0:09:56]} 31. Kf3 {[%clk 0:44:17]} Qd8
{[%clk 0:07:18]} 32. Be5 {[%clk 0:44:17]} Qa5 {[%clk 0:07:02]} 33. a3
{[%clk 0:43:44]} Qb5 {[%clk 0:06:47]} 34. b4 {[%clk 0:43:33]} g5 {[%clk 0:05:40]}
35. g4 {[%clk 0:40:17]} Kg6 {[%clk 0:04:42]} 36. Kg3 {[%clk 0:40:26]} Qa4
{[%clk 0:04:27]} 37. h4 {[%clk 0:37:09]} gxh4+ {[%clk 0:04:29]} 38. Kxh4
{[%clk 0:37:32]} Qxa3 {[%clk 0:01:56]} 39. Nc6 {[%clk 0:35:47]} Qa6
{[%clk 0:01:01]} 40. Nd8 {[%clk 0:56:55]} Qb6 {[%clk 0:30:52]} 41. Nxe6
{[%clk 0:57:21]} Qxe6 {[%clk 0:31:17]} 42. f4 {[%clk 0:57:49]} Qe7+
{[%clk 0:29:22]} 43. Kg3 {[%clk 0:56:52]} Qxb4 {[%clk 0:29:43]} 44. f5+
{[%clk 0:57:15]} Kf7 {[%clk 0:29:30]} 45. g5 {[%clk 0:57:17]} Qe1+
{[%clk 0:28:35]} 46. Kg4 {[%clk 0:50:29]} Qe2+ {[%clk 0:28:21]} 47. Kh4
{[%clk 0:50:01]} Qf2+ {[%clk 0:28:37]} 48. Kg4 {[%clk 0:50:23]} Qxe3
{[%clk 0:19:19]} 49. g6+ {[%clk 0:49:51]} Ke7 {[%clk 0:14:27]} 50. f6+
{[%clk 0:49:54]} Ke6 {[%clk 0:14:12]} 51. f7 {[%clk 0:49:54]} Qh6
{[%clk 0:12:19]} 52. g7 {[%clk 0:44:46]} Kxf7 {[%clk 0:12:00]} 53. Kf3
{[%clk 0:44:51]} Qh3+ {[%clk 0:10:33]} 54. Ke2 {[%clk 0:44:55]} Qc3
{[%clk 0:10:34]} 55. Kf2 {[%clk 0:45:00]} Qd3 {[%clk 0:10:47]} 56. Ke1
{[%clk 0:43:09]} Qc2 {[%clk 0:10:57]} 57. Bf6 {[%clk 0:38:36]} Qe4+
{[%clk 0:11:17]} 58. Kd2 {[%clk 0:39:00]} Qf4+ {[%clk 0:11:42]} 0-1

[Event "IMP Kobiet do lat 20"]
[Site "Chotowa"]
[Date "2023.10.31"]
[Round "8.2"]
[White "Szczotka, Klara"]
[Black "Goraj, Barbara"]
[Result "0-1"]
[BlackElo "2135"]
[WhiteElo "2020"]
[LiveChessVersion "1.4.8"]

1. e4 {[%clk 1:24:41]} c5 {[%clk 1:30:50]} 2. Nf3 {[%clk 1:25:06]} d6
{[%clk 1:31:11]} 3. d4 {[%clk 1:25:29]} cxd4 {[%clk 1:31:30]} 4. Nxd4
{[%clk 1:25:54]} Nf6 {[%clk 1:31:47]} 5. Nc3 {[%clk 1:26:01]} Nc6
{[%clk 1:32:05]} 6. Bg5 {[%clk 1:25:28]} e6 {[%clk 1:31:52]} 7. Qd2
{[%clk 1:25:19]} a6 {[%clk 1:32:06]} 8. f4 {[%clk 1:25:06]} h6 {[%clk 1:27:20]}
9. Bh4 {[%clk 1:24:05]} Be7 {[%clk 1:26:31]} 10. O-O-O {[%clk 1:22:34]} Bd7
{[%clk 1:18:23]} 11. Be2 {[%clk 1:14:32]} Qc7 {[%clk 1:09:04]} 12. Bf3
{[%clk 0:59:55]} O-O-O {[%clk 0:52:13]} 13. Nb3 {[%clk 0:51:26]} Na5
{[%clk 0:39:45]} 14. Nxa5 {[%clk 0:42:37]} Qxa5 {[%clk 0:39:34]} 15. Qd4
{[%clk 0:42:31]} g5 {[%clk 0:33:56]} 16. fxg5 {[%clk 0:39:48]} hxg5
{[%clk 0:33:39]} 17. Bf2 {[%clk 0:39:18]} Bc6 {[%clk 0:31:35]} 18. Qa7
{[%clk 0:35:52]} Kc7 {[%clk 0:27:10]} 19. e5 {[%clk 0:26:54]} dxe5
{[%clk 0:25:10]} 20. Na4 {[%clk 0:23:23]} Nd7 {[%clk 0:21:45]} 21. Bxc6
{[%clk 0:22:05]} Kxc6 {[%clk 0:20:58]} 22. Rd3 {[%clk 0:14:59]} Nc5
{[%clk 0:18:00]} 23. Bxc5 {[%clk 0:11:26]} Rxd3 {[%clk 0:16:55]} 24. b4
{[%clk 0:11:23]} Bxc5 {[%clk 0:13:48]} 25. bxa5 {[%clk 0:06:18]} Bxa7
{[%clk 0:13:19]} 26. cxd3 {[%clk 0:06:47]} Bd4 {[%clk 0:12:59]} 27. Nb2
{[%clk 0:04:51]} Bxb2+ {[%clk 0:11:42]} 28. Kxb2 {[%clk 0:05:21]} Kb5
{[%clk 0:12:11]} 29. Re1 {[%clk 0:05:08]} f6 {[%clk 0:12:23]} 30. h3
{[%clk 0:05:27]} Rd8 {[%clk 0:08:42]} 31. Kc3 {[%clk 0:05:36]} Kxa5
{[%clk 0:08:12]} 32. g4 {[%clk 0:05:42]} Rd4 {[%clk 0:05:39]} 33. Rh1
{[%clk 0:02:11]} b5 {[%clk 0:05:21]} 34. h4 {[%clk 0:01:35]} b4+ {[%clk 0:03:25]}
35. Kc2 {[%clk 0:01:48]} gxh4 {[%clk 0:02:49]} 36. Rxh4 {[%clk 0:02:14]} Kb5
{[%clk 0:01:25]} 37. Rh6 {[%clk 0:01:58]} Rf4 {[%clk 0:01:00]} 38. Rg6
{[%clk 0:01:50]} a5 {[%clk 0:00:57]} 39. g5 {[%clk 0:01:59]} Rf2+
{[%clk 0:00:34]} 40. Kb1 {[%clk 0:32:15]} Rf1+ {[%clk 0:30:47]} 41. Kc2
{[%clk 0:32:29]} Rf2+ {[%clk 0:29:53]} 42. Kb1 {[%clk 0:32:53]} fxg5
{[%clk 0:26:02]} 43. Rxg5 {[%clk 0:32:46]} Re2 {[%clk 0:25:25]} 44. d4
{[%clk 0:30:24]} Kc4 {[%clk 0:24:24]} 45. dxe5 {[%clk 0:30:46]} Kd4
{[%clk 0:21:59]} 46. Rg4+ {[%clk 0:25:26]} Re4 {[%clk 0:21:23]} 47. Rg2
{[%clk 0:25:39]} Rxe5 {[%clk 0:20:46]} 48. Kb2 {[%clk 0:25:31]} Re3
{[%clk 0:20:24]} 49. Rg8 {[%clk 0:25:21]} Kc4 {[%clk 0:19:21]} 50. Rg4+
{[%clk 0:25:04]} Kb5 {[%clk 0:19:36]} 51. Rg2 {[%clk 0:24:31]} e5
{[%clk 0:18:47]} 52. Rg8 {[%clk 0:21:35]} Re2+ {[%clk 0:18:24]} 53. Kb1
{[%clk 0:22:00]} Ka4 {[%clk 0:13:27]} 54. Rg5 {[%clk 0:20:54]} Kb5
{[%clk 0:08:27]} 55. Rg8 {[%clk 0:20:51]} a4 {[%clk 0:08:01]} 56. Rb8+
{[%clk 0:20:57]} Kc4 {[%clk 0:06:47]} 57. Rc8+ {[%clk 0:21:21]} Kd3
{[%clk 0:06:06]} 58. Rd8+ {[%clk 0:21:19]} Kc3 {[%clk 0:06:29]} 59. Rc8+
{[%clk 0:21:45]} Kd2 {[%clk 0:05:46]} 60. Rd8+ {[%clk 0:21:19]} Ke1
{[%clk 0:06:03]} 61. Rb8 {[%clk 0:21:22]} Re4 {[%clk 0:06:12]} 62. Kb2
{[%clk 0:19:37]} Rd4 {[%clk 0:05:05]} 63. Rh8 {[%clk 0:19:12]} e4
{[%clk 0:05:00]} 0-1

[Event "IMP Kobiet do lat 20"]
[Site "Chotowa"]
[Date "2023.10.31"]
[Round "8.3"]
[White "Matskevich, Varvara"]
[Black "Zabrzanska, Weronika"]
[Result "1/2-1/2"]
[BlackElo "1915"]
[WhiteElo "1722"]
[LiveChessVersion "1.4.8"]

1. d4 {[%clk 1:29:59]} Nf6 {[%clk 1:30:53]} 2. c4 {[%clk 1:30:05]} e6
{[%clk 1:31:16]} 3. Nc3 {[%clk 1:29:49]} Bb4 {[%clk 1:31:26]} 4. Qc2
{[%clk 1:29:16]} O-O {[%clk 1:29:26]} 5. Nf3 {[%clk 1:28:00]} d5 {[%clk 1:27:04]}
6. Bg5 {[%clk 1:21:39]} Be7 {[%clk 1:23:09]} 7. e3 {[%clk 1:19:12]} h6
{[%clk 1:19:49]} 8. Bh4 {[%clk 1:16:56]} b6 {[%clk 1:19:33]} 9. cxd5
{[%clk 1:16:09]} Nxd5 {[%clk 1:18:06]} 10. Nxd5 {[%clk 1:15:02]} exd5
{[%clk 1:17:41]} 11. Bxe7 {[%clk 1:13:45]} Qxe7 {[%clk 1:18:04]} 12. Rc1
{[%clk 1:13:17]} c6 {[%clk 1:14:29]} 13. Bd3 {[%clk 1:11:56]} Bb7
{[%clk 1:10:09]} 14. O-O {[%clk 1:10:00]} Nd7 {[%clk 1:09:37]} 15. Bf5
{[%clk 1:06:07]} Rfd8 {[%clk 1:07:49]} 16. a3 {[%clk 0:59:41]} a5
{[%clk 1:04:51]} 17. Bxd7 {[%clk 0:54:12]} Rxd7 {[%clk 1:04:23]} 18. Qb3
{[%clk 0:52:26]} Qd8 {[%clk 0:58:11]} 19. Ne5 {[%clk 0:51:07]} Rd6
{[%clk 0:56:55]} 20. Qa4 {[%clk 0:48:00]} f6 {[%clk 0:53:17]} 21. Nd3
{[%clk 0:46:41]} Rc8 {[%clk 0:49:09]} 22. Rfe1 {[%clk 0:42:34]} Ba6
{[%clk 0:43:25]} 23. Nf4 {[%clk 0:40:42]} g5 {[%clk 0:39:02]} 24. Nh5
{[%clk 0:39:42]} Bd3 {[%clk 0:37:08]} 25. Rc3 {[%clk 0:33:46]} Bg6
{[%clk 0:37:17]} 26. Ng3 {[%clk 0:34:08]} h5 {[%clk 0:34:55]} 27. Rec1
{[%clk 0:33:16]} h4 {[%clk 0:33:30]} 28. Nf1 {[%clk 0:33:16]} Qd7
{[%clk 0:22:14]} 29. b4 {[%clk 0:31:21]} b5 {[%clk 0:17:52]} 30. Qd1
{[%clk 0:26:48]} Kg7 {[%clk 0:16:15]} 31. Nd2 {[%clk 0:24:38]} a4
{[%clk 0:16:18]} 32. Qf3 {[%clk 0:13:37]} Rh8 {[%clk 0:14:18]} 33. Qd1
{[%clk 0:08:42]} Bf5 {[%clk 0:12:32]} 34. Nf1 {[%clk 0:06:43]} g4
{[%clk 0:10:43]} 35. g3 {[%clk 0:06:20]} Be4 {[%clk 0:07:34]} 36. Nd2
{[%clk 0:04:31]} Bg6 {[%clk 0:06:38]} 37. Nf1 {[%clk 0:04:12]} Qe6
{[%clk 0:06:23]} 38. Nd2 {[%clk 0:03:35]} f5 {[%clk 0:05:10]} 39. Nf1
{[%clk 0:03:02]} Re8 {[%clk 0:03:12]} 40. Nd2 {[%clk 0:31:44]} Qf6
{[%clk 0:33:13]} 41. Nf1 {[%clk 0:29:35]} Rh8 {[%clk 0:32:41]} 42. Qd2
{[%clk 0:27:22]} Qe6 {[%clk 0:31:07]} 43. Qb2 {[%clk 0:25:40]} Rf8
{[%clk 0:27:14]} 44. Qd2 {[%clk 0:17:56]} h3 {[%clk 0:25:53]} 45. Qe1
{[%clk 0:15:30]} Qe4 {[%clk 0:25:57]} 46. f3 {[%clk 0:15:51]} Qxf3
{[%clk 0:25:06]} 47. Qf2 {[%clk 0:15:30]} Qe4 {[%clk 0:14:41]} 48. Rxc6
{[%clk 0:14:46]} Rxc6 {[%clk 0:14:54]} 49. Rxc6 {[%clk 0:15:14]} Rf7
{[%clk 0:14:48]} 50. Qc2 {[%clk 0:13:55]} Qf3 {[%clk 0:11:23]} 51. Qf2
{[%clk 0:12:51]} Qe4 {[%clk 0:11:46]} 52. Qc2 {[%clk 0:12:38]} Qxc2
{[%clk 0:07:31]} 53. Rxc2 {[%clk 0:13:07]} f4 {[%clk 0:08:00]} 54. Rc3
{[%clk 0:12:40]} fxe3 {[%clk 0:06:23]} 55. Nxe3 {[%clk 0:12:58]} Rf3
{[%clk 0:06:24]} 56. Nd1 {[%clk 0:13:12]} Rf7 {[%clk 0:04:29]} 1/2-1/2

[Event "IMP Kobiet do lat 20"]
[Site "Chotowa"]
[Date "2023.10.31"]
[Round "8.4"]
[White "Siekanska, Zuzanna"]
[Black "Kudlak, Julia"]
[Result "0-1"]
[BlackElo "1892"]
[WhiteElo "1885"]
[LiveChessVersion "1.4.8"]

1. d4 {[%clk 1:30:58]} d6 {[%clk 1:30:44]} 2. c4 {[%clk 1:31:23]} e5
{[%clk 1:31:04]} 3. d5 {[%clk 1:31:41]} f5 {[%clk 1:31:05]} 4. e4
{[%clk 1:31:47]} fxe4 {[%clk 1:30:32]} 5. Nc3 {[%clk 1:32:02]} Nf6
{[%clk 1:30:51]} 6. Bg5 {[%clk 1:32:04]} Bf5 {[%clk 1:27:24]} 7. Nge2
{[%clk 1:32:21]} Be7 {[%clk 1:26:16]} 8. Ng3 {[%clk 1:32:32]} Bg6
{[%clk 1:26:29]} 9. Bxf6 {[%clk 1:32:33]} gxf6 {[%clk 1:26:03]} 10. Ngxe4
{[%clk 1:32:33]} f5 {[%clk 1:21:03]} 11. Ng3 {[%clk 1:31:46]} O-O
{[%clk 1:13:34]} 12. Be2 {[%clk 1:29:51]} Nd7 {[%clk 1:08:59]} 13. Bh5
{[%clk 1:24:30]} a5 {[%clk 1:06:39]} 14. Bxg6 {[%clk 1:21:49]} hxg6
{[%clk 1:06:57]} 15. Qe2 {[%clk 1:08:02]} Kg7 {[%clk 1:04:39]} 16. O-O-O
{[%clk 1:04:03]} Nc5 {[%clk 1:00:17]} 17. Kb1 {[%clk 1:02:52]} a4
{[%clk 0:50:20]} 18. Nf1 {[%clk 1:02:03]} Qd7 {[%clk 0:46:20]} 19. h4
{[%clk 0:58:33]} Rh8 {[%clk 0:45:21]} 20. h5 {[%clk 0:56:22]} f4 {[%clk 0:39:30]}
21. a3 {[%clk 0:36:29]} Qf5+ {[%clk 0:35:19]} 22. Ka2 {[%clk 0:36:18]} gxh5
{[%clk 0:34:25]} 23. g3 {[%clk 0:27:57]} f3 {[%clk 0:30:05]} 24. Qd2
{[%clk 0:27:56]} Bg5 {[%clk 0:29:53]} 25. Ne3 {[%clk 0:27:51]} Bxe3
{[%clk 0:29:17]} 26. Qxe3 {[%clk 0:27:01]} Rag8 {[%clk 0:20:28]} 27. Rh4
{[%clk 0:22:34]} Kf6 {[%clk 0:19:29]} 28. Nb5 {[%clk 0:21:44]} Rg4
{[%clk 0:15:17]} 29. Nxc7 {[%clk 0:19:09]} Qe4 {[%clk 0:13:20]} 30. Qxe4
{[%clk 0:15:11]} Nxe4 {[%clk 0:13:43]} 31. Nb5 {[%clk 0:11:59]} Kg5
{[%clk 0:12:02]} 32. Rh2 {[%clk 0:09:15]} Rc8 {[%clk 0:08:41]} 33. Rc1
{[%clk 0:06:56]} h4 {[%clk 0:08:29]} 34. gxh4+ {[%clk 0:05:26]} Rxh4
{[%clk 0:08:47]} 35. Rxh4 {[%clk 0:03:39]} Kxh4 {[%clk 0:09:12]} 36. Rc2
{[%clk 0:03:20]} Kh3 {[%clk 0:07:48]} 37. b3 {[%clk 0:02:33]} axb3+
{[%clk 0:07:57]} 38. Kxb3 {[%clk 0:02:58]} Kg2 {[%clk 0:07:36]} 39. Nc3
{[%clk 0:02:28]} Nxc3 {[%clk 0:05:22]} 40. Kxc3 {[%clk 0:31:54]} b5
{[%clk 0:32:56]} 41. Kb4 {[%clk 0:27:27]} bxc4 {[%clk 0:27:43]} 42. a4
{[%clk 0:27:29]} e4 {[%clk 0:24:56]} 43. a5 {[%clk 0:22:59]} e3 {[%clk 0:24:02]}
44. fxe3+ {[%clk 0:22:48]} f2 {[%clk 0:24:09]} 45. a6 {[%clk 0:21:19]} Kg1
{[%clk 0:23:20]} 46. Rc1+ {[%clk 0:21:27]} f1=Q {[%clk 0:23:34]} 0-1